<?xml version="1.0" encoding="UTF-8"?>
<record
    xmlns:xsi="http://www.w3.org/2001/XMLSchema-instance"
    xsi:schemaLocation="http://www.loc.gov/MARC21/slim http://www.loc.gov/standards/marcxml/schema/MARC21slim.xsd"
    xmlns="http://www.loc.gov/MARC21/slim">

  <leader>02506nam a22004457a 4500</leader>
  <datafield tag="999" ind1=" " ind2=" ">
    <subfield code="c">21885</subfield>
    <subfield code="d">21885</subfield>
  </datafield>
  <controlfield tag="003">AR-CdUCM</controlfield>
  <controlfield tag="008">190425b           ||||| |||| 00| 0 spa d</controlfield>
  <datafield tag="040" ind1=" " ind2=" ">
    <subfield code="a">MUNICIPALIDAD PROVINCIAL DEL CUSCO</subfield>
    <subfield code="c">BIBLIOTECA MUNICIPAL DEL CUSCO</subfield>
  </datafield>
  <datafield tag="082" ind1=" " ind2=" ">
    <subfield code="a">Rev.AHC/N&#xB0;15/2000</subfield>
  </datafield>
  <datafield tag="110" ind1=" " ind2=" ">
    <subfield code="a">Archivo Regional del Cusco</subfield>
    <subfield code="9">46600</subfield>
  </datafield>
  <datafield tag="245" ind1=" " ind2=" ">
    <subfield code="a">Revista del Archivo Regional del Cusco /</subfield>
    <subfield code="c">Archivo Regional del Cusco</subfield>
  </datafield>
  <datafield tag="260" ind1=" " ind2=" ">
    <subfield code="a">Cusco :</subfield>
    <subfield code="b">[s.n]</subfield>
    <subfield code="b">Archivo Regional del Cusco,</subfield>
    <subfield code="c">2000.</subfield>
  </datafield>
  <datafield tag="300" ind1=" " ind2=" ">
    <subfield code="a">212 p&#xE1;ginas. :</subfield>
    <subfield code="c">23 cm.</subfield>
  </datafield>
  <datafield tag="440" ind1=" " ind2=" ">
    <subfield code="a">Revista del Archivo Hist&#xF3;rico Regional del Cusco.</subfield>
    <subfield code="n">N&#xB0;15, 2000.</subfield>
    <subfield code="9">46644</subfield>
  </datafield>
  <datafield tag="505" ind1=" " ind2=" ">
    <subfield code="a">Contenido: La casa del puente, tendencia de la propiedad urbana en el Cuzco 1755-1900. -- Francisco Miranda y Vengoa, periodista y poeta cusque&#xF1;o. -- Francisco Pizarro, la cusque&#xF1;a y su madre la coya Inguill. -- El nacimiento del periodismo en el r&#xED;o de la plata a trav&#xE9;s del tel&#xE9;grafo mercantil. -- Una herencia onerosa la encomienda cusque&#xF1;a siglo XVI. -- Los prefectos del Cusco siglo XIX. -- Apuntes interculturales para la historia inmediata de Machupicchu las funciones de Hiram Bingham y Albert A. Giesecke. -- Huella y legado de un curaca Don Bartolom&#xE9; Tupa Hallicalla. -- La mujer ind&#xED;gena andina seg&#xFA;n un memorial in&#xE9;dito dirigido a Felipe II en 1588. -- El uso del espacio de Nueva Alta. -- Hacia un sistema de archivo de la universidad peruana. -- La mujer y la educaci&#xF3;n de privilegio en la &#xE9;poca inca. -- Un movimiento de cholismo cusque&#xF1;o. -- Juan Ortiz de Cervantes ni cusque&#xF1;o ni indigenista.</subfield>
  </datafield>
  <datafield tag="650" ind1=" " ind2=" ">
    <subfield code="a">Periodismo cusque&#xF1;o</subfield>
    <subfield code="9">23805</subfield>
  </datafield>
  <datafield tag="650" ind1=" " ind2=" ">
    <subfield code="a">Encomienda</subfield>
    <subfield code="9">46645</subfield>
  </datafield>
  <datafield tag="650" ind1=" " ind2=" ">
    <subfield code="a">&#xC9;poca colonial</subfield>
    <subfield code="9">46646</subfield>
  </datafield>
  <datafield tag="650" ind1=" " ind2=" ">
    <subfield code="a">Machupicchu</subfield>
    <subfield code="9">1751</subfield>
  </datafield>
  <datafield tag="650" ind1=" " ind2=" ">
    <subfield code="a">Curacas</subfield>
    <subfield code="9">2778</subfield>
  </datafield>
  <datafield tag="650" ind1=" " ind2=" ">
    <subfield code="a">Barrio de San Pedro</subfield>
    <subfield code="9">46647</subfield>
  </datafield>
  <datafield tag="650" ind1=" " ind2=" ">
    <subfield code="a">Educaci&#xF3;n Inka</subfield>
    <subfield code="9">46648</subfield>
  </datafield>
  <datafield tag="650" ind1=" " ind2=" ">
    <subfield code="a">Indigenismo</subfield>
    <subfield code="9">208</subfield>
  </datafield>
  <datafield tag="700" ind1=" " ind2=" ">
    <subfield code="a">Amado Gonzales, Donato</subfield>
    <subfield code="9">45219</subfield>
  </datafield>
  <datafield tag="700" ind1=" " ind2=" ">
    <subfield code="a">Jacques Decoster, Jean</subfield>
    <subfield code="9">31915</subfield>
  </datafield>
  <datafield tag="700" ind1=" " ind2=" ">
    <subfield code="a">C&#xE1;ceres Olivera, Roberto</subfield>
    <subfield code="9">46587</subfield>
  </datafield>
  <datafield tag="700" ind1=" " ind2=" ">
    <subfield code="a">Millies, Diana</subfield>
    <subfield code="9">46649</subfield>
  </datafield>
  <datafield tag="700" ind1=" " ind2=" ">
    <subfield code="a">Ru&#xED;z de Pardo, Carmen</subfield>
    <subfield code="9">46638</subfield>
  </datafield>
  <datafield tag="700" ind1=" " ind2=" ">
    <subfield code="a">Julien, Catherine</subfield>
    <subfield code="9">46650</subfield>
  </datafield>
  <datafield tag="700" ind1=" " ind2=" ">
    <subfield code="a">Quintian, Juan Ignacio</subfield>
    <subfield code="9">46651</subfield>
  </datafield>
  <datafield tag="700" ind1=" " ind2=" ">
    <subfield code="a">Mould de Pease, Mariana</subfield>
    <subfield code="9">7113</subfield>
  </datafield>
  <datafield tag="700" ind1=" " ind2=" ">
    <subfield code="a">Mart&#xED;n Rubio, Carmen</subfield>
    <subfield code="9">46652</subfield>
  </datafield>
  <datafield tag="700" ind1=" " ind2=" ">
    <subfield code="a">Esquivel Coronado, Jessica</subfield>
    <subfield code="9">46532</subfield>
  </datafield>
  <datafield tag="700" ind1=" " ind2=" ">
    <subfield code="a">Balboa Alejandro, Eleodoro</subfield>
    <subfield code="9">46653</subfield>
  </datafield>
  <datafield tag="700" ind1=" " ind2=" ">
    <subfield code="a">Altamirano Vega, Hugo</subfield>
    <subfield code="9">46654</subfield>
  </datafield>
  <datafield tag="700" ind1=" " ind2=" ">
    <subfield code="a">Calvo Calvo, Rossano</subfield>
    <subfield code="9">44156</subfield>
  </datafield>
  <datafield tag="700" ind1=" " ind2=" ">
    <subfield code="a">Reinaga Mend&#xED;vil, C&#xE9;sar Augusto</subfield>
    <subfield code="9">46655</subfield>
  </datafield>
  <datafield tag="942" ind1=" " ind2=" ">
    <subfield code="2">ddc</subfield>
    <subfield code="c">PP</subfield>
  </datafield>
  <datafield tag="945" ind1=" " ind2=" ">
    <subfield code="a">rac</subfield>
  </datafield>
  <datafield tag="952" ind1=" " ind2=" ">
    <subfield code="0">0</subfield>
    <subfield code="2">ddc</subfield>
    <subfield code="4">0</subfield>
    <subfield code="7">0</subfield>
    <subfield code="a">HEM</subfield>
    <subfield code="b">HEM</subfield>
    <subfield code="c">CART</subfield>
    <subfield code="d">2021-09-10</subfield>
    <subfield code="g">10.00</subfield>
    <subfield code="o">Rev.AHC/N&#xB0;15/2000</subfield>
    <subfield code="p">REVC000403</subfield>
    <subfield code="r">2021-09-10</subfield>
    <subfield code="y">PP</subfield>
  </datafield>
</record>
